Statistiche per Paesi che Toccano il Mar Baltico

Clicka qui per fare il quiz!

Statistiche generali

  • Questo quiz è stato fatto 3.627 volte
  • Il punteggio medio è 8 su 9

Statistiche sulle risposte

Country% Corretto
Estonia
96%
Finlandia
95%
Lettonia
95%
Russia
95%
Svezia
95%
Lituania
94%
Danimarca
93%
Polonia
91%
Germania
90%

Distribuzione punteggi

Percentile per numero di risposta

Percentuale di utenti per punteggio

I tuoi punteggi nel tempo

Non hai fatto questo quiz